|
|
|
|
| LEADER |
00000nas a2200000 4500 |
| 001 |
ssj0000702685 |
| 003 |
WaSeSS |
| 005 |
20200512172242.0 |
| 006 |
m d |
| 007 |
cr n |
| 008 |
741226d19732017pe fx s bs 0 b0spa |
| 010 |
|
|
|a 74646088
|
| 022 |
|
|
|l 0252-1865
|y 0252-1865
|
| 035 |
|
|
|a (WaSeSS)ssj0000702685
|
| 037 |
|
|
|b Revista Apuntes, Apartado Postal 4683, Lima 1, Perú
|
| 040 |
|
|
|a DLC
|b eng
|c DLC
|d NST
|d HUL
|d IXA
|d SYS
|d OCLCQ
|d NLGGC
|d OCLCQ
|d CUI
|d NLM
|d OCLCF
|d IUL
|d CUS
|d OCLCO
|d OCL
|d OCLCO
|d CUS
|d GZM
|d OCLCA
|d OCLCQ
|d UPM
|d WaSeSS
|
| 042 |
|
|
|a pcc
|
| 043 |
|
|
|a s-pe---
|
| 050 |
0 |
0 |
|a H8
|b .A65
|
| 082 |
0 |
4 |
|a 300/.5
|
| 130 |
0 |
|
|a Apuntes (Lima, Peru)
|
| 222 |
|
0 |
|a Apuntes
|b (Lima)
|
| 245 |
1 |
0 |
|a Apuntes
|h [electronic resource].
|
| 260 |
|
|
|a Lima,
|b Centro de Investigación, Universidad del Pacífico.
|
| 310 |
|
|
|a Two issues a year,
|b <1986->
|
| 321 |
|
|
|a Irregular,
|b <1973-1985>
|
| 362 |
0 |
|
|a año 1- 1973-
|
| 362 |
1 |
|
|a Ceased in print with no.80 (2017).
|
| 500 |
|
|
|a "Revista de ciencias sociales."
|
| 506 |
|
|
|a License restrictions may limit access.
|
| 555 |
|
|
|a Nos. 1-10, 1973-80, with no. 10; Nos. 11-20, 1981-87. 1 v.
|
| 580 |
|
|
|a Print version ceased with no.80 (2017). Continued online only.
|
| 588 |
|
|
|a Latest issue consulted: No. 74 (enero/junio 2014).
|
| 650 |
|
0 |
|a Social sciences
|v Periodicals.
|
| 650 |
|
0 |
|a Social sciences
|z Peru
|v Periodicals.
|
| 650 |
|
7 |
|a Economic history.
|2 fast
|0 (OCoLC)fst00901974
|
| 650 |
|
7 |
|a Social conditions.
|2 fast
|0 (OCoLC)fst01919811
|
| 650 |
|
7 |
|a Social sciences.
|2 fast
|0 (OCoLC)fst01122877
|
| 650 |
1 |
7 |
|a Sociale wetenschappen.
|2 gtt
|
| 650 |
|
7 |
|a Social science
|z Latin America.
|2 ltcsh
|
| 651 |
|
0 |
|a Peru
|x Social conditions
|v Periodicals.
|
| 651 |
|
0 |
|a Peru
|x Economic conditions
|v Periodicals.
|
| 651 |
|
0 |
|a Peru
|v Periodicals.
|
| 651 |
|
7 |
|a Peru.
|2 fast
|0 (OCoLC)fst01205190
|
| 655 |
|
0 |
|a Electronic journals.
|
| 710 |
2 |
|
|a Universidad del Pacífico.
|b Centro de Investigación.
|
| 785 |
0 |
0 |
|t Apuntes
|x 2223-1757
|w (DLC) 74646088
|w (OCoLC)610390775
|
| 850 |
|
|
|a DLC
|a FU
|a MH
|a NN
|a NNC
|a NSyU
|a PSt
|a TxU
|
| 853 |
2 |
0 |
|8 1
|a año
|g no.
|i (year)
|
| 853 |
2 |
0 |
|8 2
|a no.
|i (year)
|
| 853 |
2 |
0 |
|8 2
|a no.
|i (year)
|w f
|
| 856 |
4 |
0 |
|z Full text available from PRISMA Database with HAPI Index: 01/01/2012 to 01/31/2016
|u https://search.proquest.com/publication/13475
|
| 863 |
4 |
0 |
|8 1.1
|a <1>-
|g <1>-
|i <1973>
|
| 863 |
4 |
0 |
|8 2.1
|a <13-18>
|i <1983>
|
| 863 |
4 |
1 |
|8 3.1
|a <19>
|i <1986>
|